[Event "29. DSenEM 2017 Gruppe A"]
[White "Jergler, Karl-Heinz"]
[Black "Seidel, Arnold"]
[Site ""]
[Round "1.9"]
[Annotator ""]
[Result "1/2-1/2"]
[Date "2017.08.08"]
[WhiteElo "2243"]
[BlackElo "1991"]
[PlyCount "80"]

1. e4 e5 2. Nf3 Nf6 3. Nc3 Nc6 4. d4 exd4 5. Nxd4 Bb4 6. Nxc6 Bxc3+ 7. bxc3 bxc6 8. Bd3 0-0 9. 0-0 Qe8 10. Ba3 d6 11. Re1 Qe5 12. Qd2 Qa5 13. Bb4 Qa4 14. c4 c5 15. Bc3 Nd7 16. Qg5 Ne5 17. f4 f6 18. Qg3 Nxd3 19. cxd3 Qd7 20. Re3 Bb7 21. Rae1 Qf7 22. e5 fxe5 23. fxe5 Rae8 24. e6 Qg6 25. Qxg6 hxg6 26. Rg3 Kh7 27. e7 Rf7 28. Rge3 c6 29. Ba5 d5 30. Bd8 dxc4 31. dxc4 Ba6 32. Rc1 Rf4 33. Rf3 Rxf3 34. gxf3 Kg8 35. Kf2 Kf7 36. Ke3 Rh8 37. Rc2 Kg8 38. f4 Rh5 39. Kf3 Rh3+ 40. Ke4 Rh5 1/2-1/2

[Event "29. DSenEM 2017 Gruppe A"]
[White "Namyslo, Holger"]
[Black "Valet, Richard"]
[Site ""]
[Round "1.11"]
[Annotator ""]
[Result "1-0"]
[Date "2017.08.08"]
[WhiteElo "2226"]
[BlackElo "1989"]
[PlyCount "71"]

1. e4 c5 2. Nf3 Nc6 3. d4 cxd4 4. Nxd4 Nf6 5. Nc3 e5 6. Ndb5 d6 7. Bg5 a6 8. Na3 b5 9. Bxf6 gxf6 10. Nd5 Bg7 11. c3 f5 12. exf5 Bxf5 13. Nc2 0-0 14. Nce3 Be6 15. Bd3 f5 16. Qh5 e4 17. Bc2 Ne7 18. Rd1 Ng6 19. g4 fxg4 20. Bxe4 Ra7 21. 0-0 Raf7 22. Nxg4 Rf5 23. Nh6+ Bxh6 24. Qxh6 Qg5+ 25. Qxg5 Rxg5+ 26. Kh1 Bh3 27. Rg1 Rxg1+ 28. Kxg1 Nf4 29. Nxf4 Rxf4 30. f3 Rf6 31. Rd5 h6 32. Kf2 Kf7 33. Kg3 Be6 34. Rxd6 Bxa2 35. Rxf6+ Kxf6 36. b4 1-0

[Event "29. DSenEM 2017 Gruppe A"]
[White "Mittelbachert, Ulrich"]
[Black "Krueger, Erich"]
[Site ""]
[Round "1.12"]
[Annotator ""]
[Result "0-1"]
[Date "2017.08.08"]
[WhiteElo "1987"]
[BlackElo "2224"]
[PlyCount "108"]

1. b4 e5 2. Bb2 Bxb4 3. Bxe5 Nf6 4. Nf3 0-0 5. e3 d5 6. c4 Re8 7. Be2 Nc6 8. Bb2 Bg4 9. a3 Ba5 10. cxd5 Nxd5 11. 0-0 Qd7 12. d4 Rad8 13. Qc2 Rxe3 14. fxe3 Nxe3 15. Qd3 Nxf1 16. Kxf1 Bxf3 17. Qxf3 Nxd4 18. Qg4 Qxg4 19. Bxg4 Nc2 20. Ke2 Re8+ 21. Kd3 Nxa1 22. Bxa1 Re1 23. Kc2 f5 24. Bf3 c6 25. Bd4 Bb6 26. Bc3 Re8 27. Nd2 Bc5 28. a4 Bd6 29. h3 Be5 30. Bb4 b6 31. Nc4 c5 32. Bd5+ Kf8 33. Ba3 g5 34. Bc6 Re7 35. a5 Bc7 36. Bf3 g4 37. hxg4 fxg4 38. axb6 axb6 39. Bd1 Re4 40. Nd2 Rf4 41. g3 Ra4 42. Bb2 Bxg3 43. Kd3 Ra2 44. Bc3 h5 45. Bb3 Ra3 46. Bb2 Ra8 47. Bd5 Rd8 48. Ke4 Bc7 49. Bf6 Rd7 50. Bg5 Kg7 51. Nf1 Kg6 52. Bh4 Bd8 53. Bg3 Bg5 54. Be5 Re7 0-1

[Event "29. DSenEM 2017 Gruppe A"]
[White "Huelsmann, Josef"]
[Black "Schaefer, Martin"]
[Site ""]
[Round "1.13"]
[Annotator ""]
[Result "1-0"]
[Date "2017.08.08"]
[WhiteElo "2218"]
[BlackElo "1986"]
[PlyCount "105"]

1. d4 f5 2. Bg5 h6 3. Bh4 g5 4. Bg3 Bg7 5. e3 Nf6 6. Bc4 e6 7. Nd2 d5 8. Bb3 Qe7 9. Ngf3 Na6 10. Ne5 Rg8 11. Qe2 Bd7 12. c3 0-0-0 13. Nxd7 Nxd7 14. f3 h5 15. h4 g4 16. 0-0-0 Bh6 17. Bf4 Qg7 18. Bxh6 Qxh6 19. f4 c5 20. Ba4 c4 21. b3 Nb6 22. Bb5 Nc7 23. bxc4 a6 24. c5 Nxb5 25. cxb6 Nxc3 26. Qd3 Nxd1 27. Qc2+ Kb8 28. Qc7+ Ka8 29. Kxd1 Qf8 30. Ke2 Rc8 31. Qh7 Qb4 32. Rb1 Qa5 33. Rb2 Qa3 34. Rc2 Qd6 35. Rb2 Rh8 36. Qg7 Qd8 37. g3 Rc6 38. a4 a5 39. Rb5 Re8 40. Qf7 Qe7 41. Qxh5 Kb8 42. Nb3 Rc2+ 43. Kd3 Rb2 44. Kc3 Rb1 45. Kc2 Rg1 46. Rc5 Rc8 47. Qg6 Qd7 48. Qf6 Rxc5+ 49. Nxc5 Qc8 50. Qe5+ Ka8 51. Qc7 Qb8 52. Nd7 Qe8 53. Qc5 1-0

[Event "29. DSenEM 2017 Gruppe A"]
[White "Schmidt, Gerhard"]
[Black "Tuertmann, Dieter"]
[Site ""]
[Round "1.17"]
[Annotator ""]
[Result "1-0"]
[Date "2017.08.08"]
[WhiteElo "2198"]
[BlackElo "1980"]
[PlyCount "119"]

{Waiting for moves from server...} 1. d4 d6 2. Nf3 g6 3. c4 Bg7 4. Nc3 c6 5. e3 Bg4 6. Be2 Qc7 7. 0-0 Nd7 8. b4 Ngf6 9. Bb2 0-0 10. Rc1 Rfd8 11. h3 Bxf3 12. Bxf3 e5 13. Qb3 Rab8 14. Rfd1 Nf8 15. c5 exd4 16. cxd6 Qxd6 17. Rxd4 Qe7 18. Rcd1 Rxd4 19. Rxd4 Ne6 20. Rd1 Rd8 21. Rxd8+ Nxd8 22. b5 cxb5 23. Nxb5 a6 24. Nd4 Qd7 25. a4 h5 26. Bc3 Ne8 27. Be4 Kh7 28. Bf3 f5 29. Ba5 Bxd4 30. exd4 Nc6 31. Bc3 Nxd4 32. Bxd4 Qxd4 33. Qxb7+ Ng7 34. Qxa6 Qa1+ 35. Kh2 Qa2 36. Qa7 Qd2 37. Qe3 Qd6+ 38. Kg1 Qf6 39. Qa3 g5 40. a5 g4 41. hxg4 hxg4 42. Be2 Qe5 43. Qa2 g3 44. fxg3 Qe3+ 45. Kf1 Qc1+ 46. Kf2 Qc5+ 47. Ke1 Qc1+ 48. Bd1 Qe3+ 49. Kf1 Qxg3 50. a6 Qf4+ 51. Bf3 Qc1+ 52. Ke2 f4 53. Qd2 Qa1 54. Be4+ Kg8 55. Qd8+ Kf7 56. Qc7+ Kg8 57. a7 Qa2+ 58. Bc2 Qa6+ 59. Kf2 Qa3 60. Qb8+ 1-0

[Event "29. DSenEM 2017 Gruppe A"]
[White "Zunker, Reinhard"]
[Black "Meister, Jakob"]
[Site "DSEM 2017"]
[Round "2.1"]
[Annotator ""]
[Result "0-1"]
[Date "2017.08.09"]
[WhiteElo "2114"]
[BlackElo "2437"]
[PlyCount "90"]

1. c4 c5 2. Nc3 g6 3. g3 Bg7 4. Nf3 b6 5. Bg2 Bb7 6. 0-0 e5 7. d3 Ne7 8. Nd5 Nxd5 9. Nd2 Nc3 10. bxc3 Bxg2 11. Kxg2 0-0 12. e4 f5 13. f3 Nc6 14. Rf2 h5 15. Nf1 f4 16. Bb2 Kh7 17. Nd2 Qg5 18. Qe2 Bh6 19. Nb3 Rf7 20. Rg1 Raf8 21. Kh1 fxg3 22. Rxg3 Qf6 23. Bc1 Bf4 24. Rg1 Nd8 25. Bxf4 Qxf4 26. Nc1 Ne6 27. Qe1 Qh4 28. Qf1 Nf4 29. Rg3 Qf6 30. Qd1 Qd6 31. Rd2 Qe6 32. Qf1 h4 33. Rg4 Nh5 34. Qe1 h3 35. Rg1 Rxf3 36. Ne2 Qf6 37. Ng3 Nxg3+ 38. hxg3 Rf2 39. Rxf2 Qxf2 40. Qxf2 Rxf2 41. Rd1 Kh6 42. d4 d6 43. dxc5 dxc5 44. Rd5 Kg5 45. Rxe5+ Kg4 0-1

[Event "29. DSenEM 2017 Gruppe A"]
[White "Schmidt, Bodo"]
[Black "Hottes, Dieter"]
[Site "DSEM 2017"]
[Round "2.2"]
[Annotator ""]
[Result "1-0"]
[Date "2017.08.09"]
[WhiteElo "2331"]
[BlackElo "2107"]
[PlyCount "89"]

1. d4 Nf6 2. Nf3 g6 3. c4 Bg7 4. Nc3 d6 5. e4 Bg4 6. Be2 Nfd7 7. Be3 0-0 8. h4 Nc6 9. Qd2 e5 10. d5 Bxf3 11. dxc6 Bxe2 12. cxb7 Rb8 13. Kxe2 Rxb7 14. h5 Nf6 15. hxg6 fxg6 16. Rh3 c6 17. Rd1 Rd7 18. Bg5 Qe8 19. Rd3 Qe6 20. Bxf6 Qg4+ 21. Kf1 Rxf6 22. c5 d5 23. exd5 e4 24. Re3 Rf5 25. Rxe4 Bxc3 26. Rxg4 Bxd2 27. Rxd2 Rfxd5 28. Rxd5 Rxd5 29. Rc4 Rd2 30. Rb4 Rc2 31. Rb8+ Kg7 32. Rb7+ Kf6 33. Rxh7 a5 34. Rb7 Rxc5 35. Ke2 Rc2+ 36. Ke3 Ke5 37. g4 g5 38. Rf7 Rxb2 39. Rf5+ Ke6 40. Rxa5 c5 41. Rxc5 Kf6 42. Rf5+ Kg6 43. Ra5 Rb4 44. Ra6+ Kg7 45. f3 1-0

[Event "29. DSenEM 2017 Gruppe A"]
[White "Neumann, Joachim"]
[Black "Namyslo, Holger"]
[Site "DSEM 2017"]
[Round "2.9"]
[Annotator "hugo50"]
[Result "1/2-1/2"]
[Date "2017.08.09"]
[WhiteElo "2068"]
[BlackElo "2226"]
[PlyCount "80"]

1. c4 e6 2. g3 d5 3. Bg2 Nf6 4. Nf3 Be7 5. 0-0 0-0 6. d4 dxc4 7. Qc2 a6 8. a4 Bd7 9. Qxc4 Bc6 10. Bf4 a5 11. Nc3 Na6 12. Qd3 Nb4 13. Qb1 Nbd5 14. Bd2 Ra6 15. Ne5 Nxc3 16. bxc3 Bxg2 17. Kxg2 Rb6 18. Qd3 Qa8 19. Qf3 Qa6 20. Rfb1 Bd6 21. Nd3 Nd7 22. Rb2 Rxb2 23. Nxb2 e5 24. Qd3 Qxd3 25. Nxd3 Re8 26. e3 {(=)} Nb6 27. Nb2 f5 28. Kf1 f4 29. gxf4 exf4 30. exf4 Re4 31. Re1 Rxe1+ 32. Kxe1 Ba3 33. Nd3 Nxa4 34. c4 b6 35. c5 bxc5 36. Bxa5 cxd4 37. Bxc7 Nc3 38. Be5 Nb5 39. Ke2 g6 40. Kf3 Kf7 1/2-1/2

[Event "29. DSenEM 2017 Gruppe A"]
[White "Ljuboschiz, Alexander"]
[Black "Schmidt, Gerhard"]
[Site "DSEM 2017"]
[Round "2.11"]
[Annotator ""]
[Result "1/2-1/2"]
[Date "2017.08.09"]
[WhiteElo "2053"]
[BlackElo "2198"]
[PlyCount "23"]

1. e4 c5 2. Nf3 d6 3. Nc3 Nf6 4. e5 dxe5 5. Nxe5 Nbd7 6. Nc4 e6 7. b3 Be7 8. Bb2 0-0 9. g3 Nd5 10. Bg2 N7b6 11. Nxb6 axb6 12. Ne2 1/2-1/2

[Event "29. DSenEM 2017 Gruppe A"]
[White "Schulz, Michael"]
[Black "Prueske, Wolfgang"]
[Site "DSEM 2017"]
[Round "2.18"]
[Annotator ""]
[Result "1-0"]
[Date "2017.08.09"]
[WhiteElo "2181"]
[BlackElo "2030"]
[PlyCount "59"]

1. d4 d5 2. Bf4 Nf6 3. e3 e6 4. Nd2 c5 5. c3 Nc6 6. Ngf3 Be7 7. Bd3 Nh5 8. Be5 f6 9. Bg3 Nxg3 10. hxg3 f5 11. Bb5 Bd7 12. Bxc6 Bxc6 13. Ne5 0-0 14. Qh5 h6 15. Ng6 Be8 16. Nxe7+ Qxe7 17. Qh4 Rf6 18. f4 Bb5 19. Nf3 Qc7 20. Ne5 a5 21. Kf2 a4 22. a3 Ba6 23. Rad1 b6 24. g4 fxg4 25. Nxg4 Rff8 26. Rh3 Kf7 27. Qh5+ Ke7 28. Rf3 cxd4 29. Rxd4 Kd7 30. Qg6 1-0

[Event "29.DSenEM2017-GruppeA"]
[White "Meister, Jakob"]
[Black "Pruefer, Friedbert"]
[Site ""]
[Round "3.1"]
[Annotator ""]
[Result "1-0"]
[Date "2017.08.10"]
[WhiteElo "2437"]
[BlackElo "2194"]
[PlyCount "95"]

1. e4 d6 2. d4 Nf6 3. Nc3 g6 4. Be3 c6 5. Qd2 b5 6. Bd3 Nbd7 7. a4 b4 8. Nce2 a5 9. Nf3 Bg7 10. Bh6 Bxh6 11. Qxh6 e5 12. h3 Qe7 13. 0-0 Ng8 14. Qe3 Ngf6 15. Ng3 0-0 16. Rfe1 Re8 17. Rad1 Nf8 18. dxe5 dxe5 19. Bc4 Kg7 20. Qb6 Ra7 21. Rd2 Qc7 22. Qc5 N6d7 23. Qe3 Nb6 24. Bb3 Be6 25. Qg5 Nbd7 26. Nf5+ Bxf5 27. exf5 f6 28. Qg4 Nb6 29. fxg6 hxg6 30. h4 Nd5 31. h5 Qc8 32. Qg3 Qf5 33. hxg6 Rd8 34. Nh4 Qh5 35. c4 bxc3 36. bxc3 Ne6 37. Bd1 Qg5 38. Qxg5 Nxg5 39. Bc2 Rdd7 40. Red1 Nb6 41. Rxd7+ Nxd7 42. Rd6 c5 43. Bf5 Nb8 44. Rb6 Na6 45. Rb5 Nc7 46. Rxc5 Nce6 47. Rc6 Nd8 48. Rd6 1-0

[Event "29.DSenEM2017-GruppeA"]
[White "Haubt, Georg"]
[Black "Schmidt, Bodo"]
[Site ""]
[Round "3.2"]
[Annotator ""]
[Result "0-1"]
[Date "2017.08.10"]
[WhiteElo "2183"]
[BlackElo "2331"]
[PlyCount "42"]

1. d4 d5 2. Bf4 Nf6 3. e3 e6 4. Nf3 Be7 5. c4 0-0 6. Nc3 b6 7. cxd5 Nxd5 8. Nxd5 exd5 9. Bd3 c5 10. Ne5 cxd4 11. Qh5 g6 12. Qf3 Bb4+ 13. Kf1 f6 14. Nxg6 hxg6 15. Qg3 g5 16. Bxb8 Rxb8 17. Qxb8 Ba6 18. Qxd8 Bxd3+ 19. Kg1 Rxd8 20. exd4 Rc8 21. h4 g4 0-1

[Event "29.DSenEM2017-GruppeA"]
[White "Herbrechtsmeier, Christof"]
[Black "Seyfried, Claus"]
[Site ""]
[Round "3.6"]
[Annotator ""]
[Result "1/2-1/2"]
[Date "2017.08.10"]
[WhiteElo "2264"]
[BlackElo "2151"]
[PlyCount "33"]

1. g3 d5 2. Bg2 e5 3. d4 exd4 4. Qxd4 Be6 5. Nh3 Nc6 6. Qd1 Nf6 7. Nf4 Bc5 8. Nc3 Ne7 9. 0-0 0-0 10. Nxe6 fxe6 11. e4 c6 12. Bg5 Qe8 13. Bh3 Qf7 14. Qe2 Kh8 15. exd5 exd5 16. Na4 Bd6 17. Qe6 1/2-1/2

[Event "29.DSenEM2017-GruppeA"]
[White "Schmidt, Gerhard"]
[Black "Neumann, Joachim"]
[Site ""]
[Round "3.13"]
[Annotator ""]
[Result "1/2-1/2"]
[Date "2017.08.10"]
[WhiteElo "2198"]
[BlackElo "2068"]
[PlyCount "118"]

1. d4 Nf6 2. Nf3 e6 3. c4 b6 4. Nc3 Bb4 5. Bg5 h6 6. Bd2 Bb7 7. e3 0-0 8. Bd3 d5 9. 0-0 Nbd7 10. Nxd5 Nxd5 11. cxd5 Bxd2 12. dxe6 Bxf3 13. gxf3 Bxe3 14. fxe3 fxe6 15. f4 Qe7 16. Bc4 Kh8 17. Qg4 Rae8 18. Bb5 Rd8 19. Bc6 Nf6 20. Qe2 Nd5 21. Rac1 a5 22. a3 Qf7 23. Kh1 Qe7 24. Rg1 Rf6 25. Rc2 Qf7 26. Rcc1 Rg6 27. Qf3 Rxg1+ 28. Rxg1 Rd6 29. Bb5 Qf5 30. Qg2 Qf6 31. Qh3 Qf5 32. Qg2 Qf6 33. Qe2 Ne7 34. Rc1 Nd5 35. Bd3 Qf7 36. Qf3 Rd8 37. Rc6 Rd6 38. Rc1 Rd8 39. Qe4 Qf5 40. Qxf5 exf5 41. Bxf5 Nxe3 42. Be6 Rxd4 43. Kg1 Rd1+ 44. Rxd1 Nxd1 45. b3 g6 46. Kf1 Nc3 47. Kf2 Nb5 48. a4 Nd6 49. Ke3 c5 50. f5 g5 51. f6 Kh7 52. Kd3 Kg6 53. f7 Kg7 54. Ke3 Kf8 55. Kd3 Ke7 56. Bd5 Nxf7 57. Ke4 Kf6 58. Ba8 Ke6 59. Bd5+ Kf6 1/2-1/2

[Event "29.DSenEM2017-GruppeA"]
[White "Koehler, Dr. Gerhard"]
[Black "Ljuboschiz, Alexander"]
[Site ""]
[Round "3.15"]
[Annotator "hugo50"]
[Result "1-0"]
[Date "2017.08.10"]
[WhiteElo "2188"]
[BlackElo "2053"]
[PlyCount "149"]

1. c4 g6 2. Nc3 Bg7 3. d4 d6 4. e4 Nd7 5. f4 e5 6. fxe5 dxe5 7. d5 Ngf6 8. Nf3 0-0 9. Bd3 c6 10. 0-0 cxd5 11. cxd5 Qb6+ 12. Kh1 Ng4 13. Qe2 f5 14. h3 Ngf6 15. Be3 Nh5 16. Kh2 Qd8 {(=)} 17. exf5 gxf5 18. Ng5 Ng3 19. Kxg3 f4+ 20. Kh2 Qxg5 21. Ne4 Qh6 22. Bd2 Nf6 23. Nxf6+ Qxf6 24. Bc3 Bf5 25. Bc4 Qd6 26. Qd2 Qg6 27. Rae1 Rac8 28. Bb3 Bd3 29. Rf3 e4 30. Rxf4 Qd6 31. g3 Rxf4 32. Qxf4 Qxf4 33. gxf4 Bxc3 34. bxc3 Rxc3 35. d6+ Kf8 36. Bd5 Ke8 37. Bxe4 Bxe4 38. Rxe4+ Kd7 39. Re7+ Kxd6 40. Rxb7 Ra3 41. Rxh7 Rxa2+ 42. Kg3 a5 43. h4 Ke6 44. Rh6+ Kf5 45. Rh5+ Kf6 46. Rg5 Ra1 47. Kf3 Rf1+ 48. Ke4 Re1+ 49. Kd3 Rd1+ 50. Ke2 Ra1 51. h5 Ra3 52. Kf2 Ra1 53. Kg2 Ra2+ 54. Kg3 Ra1 55. Kg2 Ra3 56. h6 Ra2+ 57. Kg3 Ra1 58. Kf3 Rh1 59. Rxa5 Kg6 60. Ra6+ Kh7 61. Ke4 Rb1 62. Kf5 Rb5+ 63. Kg4 Rb1 64. Kg5 Rg1+ 65. Kf5 Rf1 66. Ke5 Re1+ 67. Kf6 Rf1 68. f5 Rf2 69. Ra1 Rf3 70. Rg1 Rf2 71. Ke6 Re2+ 72. Kf7 Kxh6 73. f6 Ra2 74. Rh1+ Kg5 75. Kg7 1-0

[Event "29.DSenEM2017-GruppeA"]
[White "Glatthor, Thomas"]
[Black "Simon, Ralf-Axel"]
[Site ""]
[Round "3.16"]
[Annotator ""]
[Result "1/2-1/2"]
[Date "2017.08.10"]
[WhiteElo "2062"]
[BlackElo "2184"]
[PlyCount "77"]

1. d4 Nf6 2. Nf3 d5 3. c4 e6 4. g3 Bb4+ 5. Bd2 Be7 6. Bg2 0-0 7. Nc3 dxc4 8. Qa4 a6 9. Qxc4 b5 10. Qd3 Bb7 11. a3 c5 12. dxc5 Qxd3 13. exd3 Bxc5 14. b4 Be7 15. Rd1 Rd8 16. Be3 Nd5 17. Nxd5 Bxd5 18. 0-0 Nc6 19. Rfe1 h6 20. Rc1 a5 21. Bc5 Bf6 22. d4 axb4 23. axb4 Ra4 24. Ra1 Rda8 25. Rab1 Ra3 26. Ne5 Bxg2 27. Kxg2 Bxe5 28. dxe5 Rd3 29. Bd6 f6 30. Rbc1 Nd4 31. exf6 gxf6 32. Red1 Rxd1 33. Rxd1 Nc6 34. Rc1 Rc8 35. Rc5 Na7 36. Rxc8+ Nxc8 37. Bc5 Kf7 38. Kf3 Ne7 39. Bxe7 1/2-1/2

[Event "29.DSenEM2017-GruppeA"]
[White "Loos, Udo"]
[Black "Wagner-Michel, Annett"]
[Site ""]
[Round "3.20"]
[Annotator ""]
[Result "*"]
[Date "2017.08.10"]
[WhiteElo "2048"]
[BlackElo "2104"]
[PlyCount "76"]

1. c4 e5 2. g3 Nf6 3. Bg2 d5 4. cxd5 Nxd5 5. Nc3 Nb6 6. Nf3 Nc6 7. 0-0 Be7 8. a3 a5 9. d3 0-0 10. Be3 Be6 11. Na4 Nd5 12. Bc5 b6 13. Bxe7 Ndxe7 14. Rc1 Qd7 15. Nc3 f6 16. Qa4 Rac8 17. Rfd1 Rfd8 18. Kf1 Nd4 19. Qxd7 Rxd7 20. Nd2 Nb3 21. Nxb3 Bxb3 22. Re1 Rcd8 23. Bh3 f5 24. f4 exf4 25. gxf4 Rd4 26. Kg1 Rxf4 27. Rf1 Rxf1+ 28. Kxf1 g6 29. Bg2 c5 30. Kf2 Kg7 31. Nb1 Bd5 32. Nc3 Bxg2 33. Kxg2 Kf6 34. Na4 Rd6 35. Kf2 Ke5 36. Nc3 g5 37. Rb1 Rh6 38. Kg1 Rh4 *

[Event "29DSenEM2017-Gruppe-A"]
[White "Buchal, Stephan"]
[Black "Meister, Jakob"]
[Site ""]
[Round "4.1"]
[Annotator "hugo50"]
[Result "1-0"]
[Date "2017.08.11"]
[WhiteElo "2309"]
[BlackElo "2437"]
[PlyCount "85"]

1. c4 c5 2. g3 Nf6 3. Bg2 d5 4. cxd5 Nxd5 5. Nc3 Nc7 6. Qb3 Nc6 7. Bxc6+ bxc6 8. Qa4 Ne6 9. d3 g6 10. h4 Bg7 11. h5 Qb6 12. hxg6 hxg6 13. Rxh8+ Bxh8 14. Nf3 Nd4 15. Nxd4 cxd4 16. Nd5 Qb7 17. Bg5 Be6 18. Nxe7 Qb5 19. Qxb5 cxb5 20. Nc6 Kd7 21. Na5 Be5 22. Bf4 Bf6 23. Rc1 Bxa2 24. Rc7+ Ke8 25. b4 a6 26. Bd6 Bd5 27. Rc5 Be6 28. Rc7 Bd8 29. Rc2 Bf6 30. Kd2 Rd8 31. Bc5 Bd5 32. Kc1 Rc8 33. Kb2 Kd7 34. Nb3 Bxb3 35. Kxb3 Ke6 36. Ra2 Ra8 37. Ra1 Kd5 38. Rh1 a5 39. e4+ dxe3 40. fxe3 a4+ 41. Ka3 Rh8 42. Rf1 Ke6 43. Rxf6+ {1-0 (43) FM St. Buchal-GM J.
Meister 29. DSenEM 2017 Gruppe A 2017} 1-0

[Event "29DSenEM2017-Gruppe-A"]
[White "Schmidt, Bodo"]
[Black "Khanukov, Boris"]
[Site ""]
[Round "4.2"]
[Annotator ""]
[Result "1/2-1/2"]
[Date "2017.08.11"]
[WhiteElo "2331"]
[BlackElo "2295"]
[PlyCount "25"]

1. d4 Nf6 2. Nf3 e6 3. Bf4 d5 4. e3 Bd6 5. Bg3 0-0 6. Nbd2 b6 7. Bd3 Bb7 8. Bh4 Nbd7 9. 0-0 Be7 10. Ne5 Nxe5 11. dxe5 Nd7 12. Bxe7 Qxe7 13. f4 1/2-1/2

[Event "29DSenEM2017-Gruppe-A"]
[White "Wagner-Michel, Annett"]
[Black "Huelsmann, Josef"]
[Site ""]
[Round "4.7"]
[Annotator ""]
[Result "1/2-1/2"]
[Date "2017.08.11"]
[WhiteElo "2104"]
[BlackElo "2218"]
[PlyCount "28"]

1. e4 e6 2. d4 d5 3. exd5 exd5 4. Bb5+ c6 5. Bd3 Bd6 6. Nf3 Bg4 7. 0-0 Ne7 8. Re1 Qc7 9. h3 Bh5 10. c3 Nd7 11. Nbd2 Bg6 12. Nf1 0-0 13. Bg5 Rfe8 14. Bxe7 Rxe7 1/2-1/2

[Event "29DSenEM2017-Gruppe-A"]
[White "Pruefer, Friedbert"]
[Black "Glatthor, Thomas"]
[Site ""]
[Round "4.17"]
[Annotator "hugo50"]
[Result "1/2-1/2"]
[Date "2017.08.11"]
[WhiteElo "2194"]
[BlackElo "2062"]
[PlyCount "53"]

1. d4 d6 2. e4 Nf6 3. Nc3 g6 4. Be3 Bg7 5. Qd2 c6 6. f3 b5 7. g4 h5 8. g5 Nfd7 9. h4 a6 10. 0-0-0 Qa5 11. Kb1 Bb7 12. Nh3 c5 13. Nd5 Qxd2 14. Rxd2 Bxd5 15. exd5 cxd4 16. Bxd4 Bxd4 17. Rxd4 Nc5 18. Bg2 0-0 19. Nf2 Nbd7 20. Re1 Rfe8 21. f4 Rad8 22. Bh3 f5 23. Bg2 Kg7 24. Nd3 Nxd3 25. Rxd3 Nc5 26. Rde3 Kf7 27. a3 {
(=)} 1/2-1/2

[Event "29.DSenEM2017-Gruppe-A"]
[White "Koehler, Gerhard"]
[Black "Wagner-Michel, Annett"]
[Site ""]
[Round "5.11"]
[Annotator ""]
[Result "0-1"]
[Date "2017.08.12"]
[WhiteElo "2188"]
[BlackElo "2104"]
[PlyCount "58"]

1. c4 e5 2. g3 Nf6 3. Bg2 d5 4. cxd5 Nxd5 5. Nc3 Nb6 6. Nf3 Nc6 7. 0-0 Be7 8. Rb1 0-0 9. b4 f6 10. b5 Nd4 11. Ne1 Kh8 12. e3 Ne6 13. Nc2 f5 14. d3 Rf7 15. a4 a5 16. d4 exd4 17. exd4 Bf6 18. Re1 Rb8 19. Bb2 Bd7 20. d5 Nc5 21. Nd4 Re7 22. Rxe7 Qxe7 23. Ba3 Nc4 24. Bc1 Ne4 25. Nxe4 fxe4 26. Bf4 e3 27. fxe3 Nxe3 28. Qd2 Nxg2 29. Kh1 Qe4 0-1

[Event "29.DSenEM2017-Gruppe-A"]
[White "Haubt, Georg"]
[Black "Schrems, Hermann"]
[Site ""]
[Round "5.12"]
[Annotator ""]
[Result "1-0"]
[Date "2017.08.12"]
[WhiteElo "2183"]
[BlackElo "2094"]
[PlyCount "89"]

1. d4 Nf6 2. Bg5 Ne4 3. h4 c5 4. dxc5 Na6 5. Nd2 Naxc5 6. Nxe4 Nxe4 7. Bf4 Qb6 8. e3 Qxb2 9. Bd3 Nc3 10. Qc1 Qxc1+ 11. Rxc1 Nxa2 12. Rb1 Nc3 13. Rb3 Nd5 14. Bg3 e6 15. Kd2 Nb4 16. Be2 Nc6 17. Nf3 Bc5 18. Ra1 f6 19. Rb5 d6 20. Ne1 a6 21. Nd3 Ba7 22. Rb3 Ke7 23. Nb2 d5 24. c4 Rd8 25. Ke1 Ne5 26. cxd5 exd5 27. Nd3 Bb8 28. Nb4 Be6 29. Nc2 Ra7 30. Nd4 Bd7 31. Ra5 Be8 32. Nf5+ Kf8 33. Nd4 Bc7 34. Ne6+ Ke7 35. Nxc7 Bf7 36. Nb5 Raa8 37. Nd4 Rd7 38. Ra1 Nc4 39. Bxc4 dxc4 40. Rb6 Rc8 41. Nf5+ Kf8 42. Nd6 Rc5 43. Nxb7 Rb5 44. Rxb5 axb5 45. Bd6+ 1-0

[Event "29.DSenEM2017-Gruppe-A"]
[White "Hanisch, Friedrich"]
[Black "Pruefer, Friedbert"]
[Site ""]
[Round "5.17"]
[Annotator ""]
[Result "1/2-1/2"]
[Date "2017.08.12"]
[WhiteElo "2075"]
[BlackElo "2194"]
[PlyCount "37"]

1. d4 Nf6 2. Nf3 g6 3. g3 Bg7 4. Bg2 0-0 5. 0-0 d5 6. c4 dxc4 7. Na3 c3 8. bxc3 c5 9. Bb2 Nc6 10. Re1 e5 11. Nxe5 Nxe5 12. dxe5 Ng4 13. Nc4 Be6 14. Nd6 Bxe5 15. Ne4 Qa5 16. Qc2 Rad8 17. h3 Nh6 18. c4 f6 19. Bxe5 1/2-1/2

[Event "29.DSenEM2017-Gruppe-A"]
[White "Neumann, Joachim"]
[Black "Krueger, Erich"]
[Site ""]
[Round "5.18"]
[Annotator ""]
[Result "0-1"]
[Date "2017.08.12"]
[WhiteElo "2068"]
[BlackElo "2192"]
[PlyCount "82"]

1. c4 Nf6 2. g3 g6 3. Bg2 Bg7 4. Nc3 d6 5. e4 e5 6. Nge2 0-0 7. 0-0 Nc6 8. d3 a6 9. Nd5 Nxd5 10. cxd5 Ne7 11. Be3 c5 12. dxc6 Nxc6 13. Qd2 Bg4 14. f3 Be6 15. Rfd1 Rc8 16. d4 Bc4 17. dxe5 Nxe5 18. Nf4 g5 19. Nd5 Bxd5 20. Bxg5 Qb6+ 21. Be3 Qb5 22. a4 Qb3 23. Ra3 Qxb2 24. Qxb2 Nxf3+ 25. Bxf3 Bxb2 26. Rad3 Bc6 27. a5 Be5 28. Kg2 Bb5 29. R3d2 Rc3 30. Bd4 Rb3 31. Bb6 Rc8 32. Bg4 Rc4 33. Rxd6 Bxd6 34. Rxd6 Rxe4 35. Rd8+ Re8 36. Rd4 Rb2+ 37. Kh3 Bf1+ 38. Kh4 Rxh2+ 39. Kg5 h6+ 40. Kf6 Rf2+ 41. Bf5 Re6# 0-1

[Event "29.DSenEM2017-Gruppe-A"]
[White "Eichner, Christian"]
[Black "Simon, Ralf-Axel"]
[Site ""]
[Round "5.19"]
[Annotator ""]
[Result "0-1"]
[Date "2017.08.12"]
[WhiteElo "2051"]
[BlackElo "2184"]
[PlyCount "108"]

1. e4 e5 2. Bc4 Nf6 3. d4 exd4 4. Nf3 Bb4+ 5. c3 dxc3 6. bxc3 d5 7. exd5 Bd6 8. Qe2+ Qe7 9. Ba3 Qxe2+ 10. Kxe2 0-0 11. Bxd6 Re8+ 12. Be5 Nbd7 13. Bb5 Re7 14. Bxd7 Nxd7 15. Re1 Nxe5 16. Kf1 Ng6 17. Na3 Bf5 18. Nd4 Bd3+ 19. Kg1 Rae8 20. Rxe7 Rxe7 21. Nab5 Rd7 22. Rd1 Bc4 23. a4 a6 24. Na3 Bxd5 25. g3 f6 26. f4 Bf7 27. Rb1 c5 28. Nf5 Ne7 29. Nxe7+ Rxe7 30. Rd1 Be8 31. Kf2 Bxa4 32. Rd8+ Re8 33. Rd5 Rc8 34. Rd6 Bc6 35. Nc4 Kf7 36. Nb6 Re8 37. Rd2 Ke7 38. Ke1 Rd8 39. Re2+ Kf7 40. Rb2 Rd3 41. c4 Rd8 42. Kf2 Rd4 43. Re2 h5 44. Ke1 h4 45. Re3 hxg3 46. hxg3 Rd8 47. Rb3 Ke6 48. g4 Kd6 49. g5 Kc7 50. gxf6 gxf6 51. Kf2 a5 52. Kg3 a4 53. Rb1 Rd3+ 54. Kg4 Rb3 0-1

[Event "29.DSenEM2017-Gruppe-A"]
[White "Buchal, Stephan"]
[Black "Khanukov, Boris"]
[Site ""]
[Round "6.1"]
[Annotator ""]
[Result "1-0"]
[Date "2017.08.13"]
[WhiteElo "2309"]
[BlackElo "2295"]
[PlyCount "109"]

1. c4 c6 2. g3 d5 3. Nf3 Bg4 4. Bg2 e6 5. cxd5 Bxf3 6. Bxf3 cxd5 7. 0-0 Nc6 8. Nc3 Nf6 9. d3 Be7 10. Bd2 0-0 11. Qa4 a6 12. Rfc1 Qd7 13. a3 Rfc8 14. Bg2 b5 15. Qd1 h6 16. b4 Rab8 17. Na2 Bd6 18. e3 a5 19. Bc3 e5 20. Qb3 a4 21. Qd1 Be7 22. Bb2 Qe6 23. Qf1 g5 24. Nc3 Na7 25. Ne2 Bd6 26. Rxc8+ Rxc8 27. Rc1 Ne8 28. Rxc8 Nxc8 29. d4 e4 30. Nc3 Nb6 31. Qxb5 Nc4 32. Bc1 Nc7 33. Qxa4 h5 34. Bf1 h4 35. Qc2 hxg3 36. hxg3 Nb6 37. Nb5 Nxb5 38. Bxb5 Qh3 39. Bf1 Qd7 40. b5 f5 41. a4 f4 42. exf4 gxf4 43. a5 Nc8 44. Bxf4 Bxf4 45. gxf4 Qg4+ 46. Bg2 Nd6 47. b6 Nc4 48. b7 Qxf4 49. Qb1 Qb8 50. a6 e3 51. Qg6+ Kf8 52. Qf6+ Ke8 53. fxe3 Qg3 54. b8=Q+ Qxb8 55. Qh8+ 1-0

[Event "29.DSenEM2017-Gruppe-A"]
[White "Schmidt, Bodo"]
[Black "Burchardt, Brigitte"]
[Site ""]
[Round "6.6"]
[Annotator ""]
[Result "1-0"]
[Date "2017.08.13"]
[WhiteElo "2331"]
[BlackElo "2169"]
[PlyCount "87"]

1. d4 d5 2. Nf3 Nf6 3. Bf4 c6 4. Nbd2 e6 5. e3 Qb6 6. Rb1 c5 7. c3 Bd7 8. Ne5 Bd6 9. Bd3 a6 10. Nec4 dxc4 11. Nxc4 Qc6 12. Nxd6+ Ke7 13. 0-0 b5 14. e4 c4 15. Bc2 Qb6 16. e5 Ne8 17. Qg4 Kf8 18. Ne4 h6 19. Rbe1 Bc6 20. Ng3 Bd5 21. Bc1 Ra7 22. Nh5 Nc6 23. Re3 Ne7 24. Nf4 a5 25. h4 h5 26. Qg5 g6 27. Nxd5 Nxd5 28. Rf3 Kg7 29. Re1 Ne7 30. g4 hxg4 31. Qxg4 Rh5 32. Rg3 Kf8 33. Bg5 Nf5 34. Rf3 Neg7 35. Bf6 Rd7 36. Kh2 Qc6 37. Rf4 Nxh4 38. Be4 Qc7 39. Kg1 Nhf5 40. Rf3 Rh7 41. Rh3 Nh5 42. Qf3 Qb6 43. Bxf5 exf5 44. Qa8+ 1-0